| 000 | 00544nam a2200169 4500 | ||
|---|---|---|---|
| 008 | 0 2002 0ant 000 0MEX | ||
| 020 | _a968-18-6168-X | ||
| 050 | _aQA76 76O63 S447 2002 | ||
| 082 | _a001.64 S582s | ||
| 100 | _aSilberschatz, Abraham | ||
| 245 | _aSistemas operativos / Abraham Silberschatz, Peter Galvin, Greg Gagne | ||
| 250 | _a6 / reimp. 2004. | ||
| 260 | _aMéxico : Limusa | ||
| 300 | _a840 p. / 24 cm. | ||
| 650 | _a1.SISTEMAS OPERATIVOS (COMPUTADORAS) | ||
| 700 | _aGalvin, Peter, Coaut. \ Gagne, Greg. Coaut. | ||
| 999 |
_c18318 _d18318 |
||